Ease of filming in India (Record no. 524826)

000 -LEADER
fixed length control field 00727nam a22001457a 4500
008 - FIXED-LENGTH DATA ELEMENTS--GENERAL INFORMATION
fixed length control field 240118b ||||| |||| 00| 0 eng d
100 ## - MAIN ENTRY--PERSONAL NAME
Personal name Sekhar, Neerja
245 ## - TITLE STATEMENT
Title Ease of filming in India
260 ## - PUBLICATION, DISTRIBUTION, ETC. (IMPRINT)
Place of publication, distribution, etc Yojana
300 ## - PHYSICAL DESCRIPTION
Extent 68(1), Jan, 2024: p.29-35
520 ## - SUMMARY, ETC.
Summary, etc The ease of filming framework is best implemented by bringing all state/UT governments on board. Since inception, the FFO has been working closely with the state governments and union territory administrations for introducing policies and procedures that world enable and facilitate the filmmakers, both domestic and international to produce films in the states. – Reproduced
773 ## - HOST ITEM ENTRY
Main entry heading Yojana
906 ## - LOCAL DATA ELEMENT F, LDF (RLIN)
Subject DIP MASS MEDIA
942 ## - ADDED ENTRY ELEMENTS (KOHA)
Item type Articles
Holdings
Withdrawn status Lost status Source of classification or shelving scheme Damaged status Not for loan Permanent location Current location Date acquired Serial Enumeration / chronology Barcode Date last seen Koha item type
          Indian Institute of Public Administration Indian Institute of Public Administration 2024-01-18 68(1), Jan, 2024: p.29-35 AR130632 2024-01-18 Articles

Powered by Koha